[Event "RUS-chT Higher League 2021"]
[Site "Sochi"]
[Date "2021.05.02"]
[Round "2.16"]
[White "Galaktionov, Artem"]
[Black "Bobkov, Vadim"]
[Result "0-1"]
[WhiteElo "2315"]
[BlackElo "2265"]
[Annotator "ChessBase"]
[PlyCount "150"]
[EventDate "2021.05.01"]
[EventType "team-tourn"]
[EventCountry "RUS"]
[SourceTitle "playchess.com"]
[Source "ChessBase"]
[SourceQuality "1"]
[TimeControl "40/5400+30:1800+30"]

1. d4 {[%emt 0:00:00]} Nf6 {[%emt 0:00:00]} 2. Nf3 {[%emt 0:00:00]} e6 {[%emt 0:00:00]} 3. c4 {[%emt 0:00:00]} c5 {[%emt 0:00:12]} 4. d5 {[%emt 0:00:00]} b5 {[%emt 0:00:08]} 5. Bg5 {[%emt 0:08:32]} h6 {[%emt 0:00:47]} 6. Bxf6 {[%emt 0:06:36]} Qxf6 {[%emt 0:00:08]} 7. Qc2 {[%emt 0:00:06]} b4 {[%emt 0:19:20]} 8. e4 {[%emt 0:02:48]} g5 {[%emt 0:02:36]} 9. e5 {[%emt 0:09:19]} Qg7 {[%emt 0:00:55]} 10. g4 {[%emt 0:00:25]} Bb7 {[%emt 0:04:06]} 11. Qb3 {[%emt 0:05:19]} h5 {[%emt 0:35:39]} 12. Rg1 {[%emt 0:02:03]} hxg4 {[%emt 0:00:44]} 13. Rxg4 {[%emt 0:00:08]} Be7 {[%emt 0:00:07]} 14. Nc3 {[%emt 0:01:58]} f5 {[%emt 0:02:31]} 15. exf6 {[%emt 0:02:07]} Qxf6 {[%emt 0:01:45]} 16. Nb5 {[%emt 0:02:57]} Kd8 {[%emt 0:04:13]} 17. Bg2 {[%emt 0:05:48]} exd5 {[%emt 0:13:12]} 18. Nxg5 {[%emt 0:16:16]} a6 {[%emt 0:04:03]} 19. Nc3 {[%emt 0:09:31]} Qf5 {[%emt 0:00:28]} 20. Nxd5 {[%emt 0:06:21]} Qxg4 {[%emt 0:04:11]} 21. Nf7+ {[%emt 0:00:15]} Ke8 {[%emt 0:00:04]} 22. Ne3 {[%emt 0:03:42]} Qf4 {[%emt 0:03:34]} 23. Bxb7 {[%emt 0:00:14]} Rxh2 {[%emt 0:01:05]} 24. O-O-O {[%emt 0:02:46]} Ra7 {[%emt 0:01:03]} 25. Bd5 {[%emt 0:00:35]} Nc6 {[%emt 0:00:14]} 26. Rd2 {[%emt 0:08:49]} Rxf2 {[%emt 0:00:15]} 27. Rxf2 {[%emt 0:01:35]} Qxf2 {[%emt 0:00:01]} 28. Qd3 {[%emt 0:00:01]} Nd4 {[%emt 0:00:55]} 29. Nd1 {[%emt 0:02:17]} Qf4+ {[%emt 0:00:18]} 30. Kb1 {[%emt 0:00:11]} Qf5 {[%emt 0:00:32]} 31. Be4 {[%emt 0:00:01]} Qh5 {[%emt 0:01:33]} 32. Nd6+ {[%emt 0:02:33]} Kd8 {[%emt 0:00:09]} 33. Nf5 {[%emt 0:00:31]} Qe2 {[%emt 0:01:05]} 34. Nxd4 {[%emt 0:00:18]} Qxd3+ {[%emt 0:00:01]} 35. Bxd3 {[%emt 0:00:01]} cxd4 {[%emt 0:00:01]} 36. Kc2 {[%emt 0:00:27]} d5 {[%emt 0:01:29]} 37. cxd5 {[%emt 0:00:06]} Rc7+ {[%emt 0:00:33]} 38. Kb3 {[%emt 0:00:01]} Bh4 {[%emt 0:00:22]} 39. Kxb4 {[%emt 0:01:17]} Rc1 {[%emt 0:00:08]} 40. Be2 {[%emt 0:00:00]} d3 {[%emt 0:00:00]} 41. Bf3 {[%emt 0:00:24]} Be1+ {[%emt 0:06:32]} 42. Ka3 {[%emt 0:04:35]} Kc7 {[%emt 0:01:37]} 43. b3 {[%emt 0:00:27]} a5 {[%emt 0:19:31]} 44. Kb2 {[%emt 0:01:09]} Bd2 {[%emt 0:02:52]} 45. a3 {[%emt 0:00:40]} Rc2+ {[%emt 0:00:29]} 46. Kb1 {[%emt 0:00:06]} Bf4 {[%emt 0:02:35]} 47. Bg4 {[%emt 0:11:52]} Kd6 {[%emt 0:00:30]} 48. Bf3 {[%emt 0:00:01]} Bc1 {[%emt 0:00:49]} 49. Be4 {[%emt 0:03:35]} Bxa3 {[%emt 0:00:06]} 50. Ne3 {[%emt 0:00:01]} Rb2+ {[%emt 0:00:20]} 51. Ka1 {[%emt 0:00:00]} d2 {[%emt 0:00:56]} 52. Bf3 {[%emt 0:01:11]} Rxb3 {[%emt 0:00:34]} 53. Nc4+ {[%emt 0:00:01]} Ke7 {[%emt 0:00:27]} 54. Be2 {[%emt 0:01:10]} Bb4 {[%emt 0:00:11]} 55. Ka2 {[%emt 0:00:29]} Rd3 {[%emt 0:00:52]} 56. d6+ {[%emt 0:00:07]} Bxd6 {[%emt 0:00:23]} 57. Nb2 {[%emt 0:00:26]} Rc3 {[%emt 0:00:27]} 58. Nd1 {[%emt 0:00:01]} Rc1 {[%emt 0:00:08]} 59. Kb3 {[%emt 0:00:05]} Bb4 {[%emt 0:00:06]} 60. Bg4 {[%emt 0:00:10]} Kf6 {[%emt 0:00:05]} 61. Be2 {[%emt 0:00:09]} Ke5 {[%emt 0:00:28]} 62. Bf3 {[%emt 0:00:06]} Kf4 {[%emt 0:00:22]} 63. Be2 {[%emt 0:00:01]} Ke4 {[%emt 0:02:04]} 64. Ka4 {[%emt 0:00:07]} Rb1 {[%emt 0:00:22]} 65. Kb5 {[%emt 0:00:06]} Kd4 {[%emt 0:00:20]} 66. Ka4 {[%emt 0:00:06]} Rxd1 {[%emt 0:00:16]} 67. Bxd1 {[%emt 0:00:04]} Kc3 {[%emt 0:00:03]} 68. Kb5 {[%emt 0:00:24]} Kb2 {[%emt 0:00:05]} 69. Kc4 {[%emt 0:00:03]} Kc1 {[%emt 0:00:04]} 70. Ba4 {[%emt 0:00:07]} d1=Q {[%emt 0:00:04]} 71. Bxd1 {[%emt 0:00:04]} Kxd1 {[%emt 0:00:04]} 72. Kb3 {[%emt 0:00:02]} Kc1 {[%emt 0:00:12]} 73. Ka2 {[%emt 0:00:04]} Kc2 {[%emt 0:00:04]} 74. Ka1 {[%emt 0:00:01]} Kb3 {[%emt 0:00:06]} 75. Kb1 {[%emt 0:00:04]} Bc3 {[%emt 0:00:04]} 0-1

[Event "RUS-chT Higher League 2021"]
[Site "Sochi"]
[Date "2021.05.03"]
[Round "3.1"]
[White "Lysyj, Igor"]
[Black "Khegay, Dmitriy"]
[Result "1/2-1/2"]
[WhiteElo "2605"]
[BlackElo "2523"]
[Annotator "TA"]
[PlyCount "84"]
[EventDate "2021.05.01"]
[EventType "team-tourn"]
[EventCountry "RUS"]
[SourceTitle "playchess.com"]
[Source "ChessBase"]
[SourceQuality "1"]

{[%evp 11,84,7,8,11,10,10,10,10,10,16,9,14,23,0,0,0,0,0,0,0,0,0,0,0,0,8,29,-5,-23,-33,-39,-21,-25,-31,-37,-35,-25,-35,-31,-62,-29,-103,-63,-177,-173,-177,-171,-179,-176,-181,-156,-204,-193,-202,-202,-197,-190,-172,-74,-56,0,-4,0,0,0,0,0,0,0,0,0,0,0,0,0]} 1. d4 Nf6 2. c4 e6 3. Nf3 d5 4. g3 dxc4 5. Bg2 Bb4+ 6. Bd2 a5 7. Qc1 {E04: Open Catalan: 5 Nf3.} Bxd2+ 8. Qxd2 c6 9. a4 Ne4 10. Qc1 Nd6 11. Nbd2 b5 12. Ne5 Bb7 13. b3 {[%cal Rb3c4]} f6 14. Nef3 cxb3 15. Nxb3 {[#]} Nd7 $146 ({Predecessor:} 15... b4 16. Nc5 Qe7 17. O-O O-O 18. Nd2 Bc8 19. Ra2 Ra7 20. Ncb3 Rd8 21. Rb2 Ra6 22. Nc4 Nxc4 23. Qxc4 Nd7 24. Rc1 {½-½ (24) Morales,O (2365)-Rivas Maceda,J (2314) ICCF email 2018}) 16. O-O b4 17. Ne1 O-O 18. Nd3 Qc7 19. Nf4 Rfe8 20. Rd1 Rac8 21. Nc5 Nxc5 22. Qxc5 f5 23. Rac1 {Hoping for d5!} Ne4 $1 {[%cal Re4c5]} 24. Bxe4 fxe4 25. e3 Ba6 (25... e5 $5 {[%cal Re5f4]} 26. Nd5 Qf7 $15) 26. Ng2 (26. Rd2 $11 {keeps the balance.}) 26... Red8 27. Qc2 (27. Nf4 $15 Re8 28. Ng2) 27... Bd3 $36 {[%mdl 2048] Keeping White busy.} 28. Qb2 e5 29. Rc5 exd4 30. exd4 Qd7 31. Qb3+ Qf7 32. Qb2 Rd5 33. Rdc1 {[#]} Rxc5 34. Rxc5 {[#]} e3 (34... Qf3 $1 $19 {[%cal Rf3d1] is more deadly. ( -> ...Qd1+)} 35. Qb3+ Kh8) 35. Nxe3 $17 Be4 (35... Kh8 $15 36. f4 (36. Rxa5 Qf3 $15) 36... Qe7) 36. f4 $11 {The position is equal.} Rb8 37. Rxa5 b3 38. Re5 Bd5 39. a5 Qc7 40. Nxd5 cxd5 41. a6 ({Don't go for} 41. Rxd5 $2 Qc2 $19) 41... Qb6 42. Re3 ({Much worse is} 42. Rxd5 Qxa6 43. Rc5 Qd3 $17) 42... Qxa6 {Whites escaped into a draw.  Weighted Error Value: White=0.13/Black=0.08} 1/2-1/2

[Event "RUS-chT Higher League 2021"]
[Site "Sochi"]
[Date "2021.05.03"]
[Round "3.2"]
[White "Yudin, Sergei"]
[Black "Shomoev, Anton"]
[Result "1/2-1/2"]
[WhiteElo "2484"]
[BlackElo "2563"]
[Annotator "TA"]
[PlyCount "88"]
[EventDate "2021.05.01"]
[EventType "team-tourn"]
[EventCountry "RUS"]
[SourceTitle "playchess.com"]
[Source "ChessBase"]
[SourceQuality "1"]

{[%evp 9,88,8,8,8,2,5,22,6,9,8,33,36,56,38,52,22,41,0,0,0,20,18,12,4,31,29,26,-2,0,-16,39,27,61,0,0,0,55,12,5,9,12,-18,-22,-30,-19,-16,22,9,8,19,25,0,0,0,0,0,0,0,0,0,0,0,0,0,0,0,0,0,0,0,0,0,0,0,0,0,0,0,0,0,0]} 1. e4 c5 2. Nf3 d6 3. d4 cxd4 4. Qxd4 Nf6 5. h3 Nc6 6. Bb5 {B53: Sicilian: 2...d6: Lines with Qxd4.} Qa5+ 7. Nc3 Qxb5 8. Nxb5 Nxd4 9. Nfxd4 {[#] And now Nc7+ would win.} Kd8 $146 ({Predecessor:} 9... e5 10. Nf3 Kd8 11. Bg5 a6 12. Nc3 Be7 13. O-O-O Kc7 14. Bxf6 Bxf6 15. Nd5+ Kc6 {½-½ (42) Virag,A (2265)-Sturm,T (2031) Germany 2018}) 10. Nc3 Bd7 11. Be3 Rc8 12. Nde2 Kc7 13. Nd5+ ({Stronger than} 13. Bxa7 b6 $17) 13... Kb8 14. Nec3 Ne8 15. Bf4 e6 16. Ne3 Be7 17. O-O-O Bc6 18. Rhe1 Bf6 19. f3 b5 (19... Bxc3 $11 20. bxc3 Bb5) 20. Kb1 h5 21. Bxd6+ (21. Ne2 $14) 21... Nxd6 $11 22. Rxd6 Kc7 (22... Bh4 $11 23. Rc1 Bg5) 23. Rd3 b4 24. Ne2 Bb5 25. Rd2 (25. Rb3 {feels hotter.} Rb8 26. a3 a5 27. axb4 axb4 28. Rxb4 Bxe2 29. Rxb8 Rxb8 30. Rxe2 Bxb2 31. Ka2) 25... Rcd8 26. Rxd8 Rxd8 27. c4 Rd2 28. cxb5 Rxb2+ 29. Kc1 Rxa2 {With the idea ...b3.} 30. Nc4 b3 $1 {...Rc2+ is the strong threat.The position is equal.} 31. e5 Be7 32. Kb1 {Black must now prevent Nd4.} Bb4 33. Nc1 {[%mdl 64] [#] Strongly threatening Re4. Double Attack} Bxe1 34. Nxa2 bxa2+ 35. Kxa2 {[%mdl 4096] Endgame KB-KN} f6 36. exf6 gxf6 37. g4 hxg4 38. hxg4 Kd7 39. Kb3 f5 40. Kc2 Ke7 41. Kd3 Kf6 42. gxf5 Kxf5 43. b6 axb6 44. Nxb6 Ba5 {Weighted Error Value: White=0.10/Black=0.13} 1/2-1/2

[Event "RUS-chT Higher League 2021"]
[Site "Sochi"]
[Date "2021.05.03"]
[Round "3.3"]
[White "Drygalov, Andrey"]
[Black "Pogromsky, Mikhail"]
[Result "1/2-1/2"]
[WhiteElo "2500"]
[BlackElo "2422"]
[Annotator "RC"]
[PlyCount "119"]
[EventDate "2021.05.01"]
[EventType "team-tourn"]
[EventCountry "RUS"]
[SourceTitle "playchess.com"]
[Source "ChessBase"]
[SourceQuality "1"]
[TimeControl "40/5400+30:1800+30"]

1. e4 {[%emt 0:00:00]} Nf6 {[%emt 0:00:01]} 2. e5 {[%emt 0:00:00]} Nd5 {[%emt 0:00:05]} 3. d4 {[%emt 0:00:00]} d6 {[%emt 0:00:07]} 4. c4 {[%emt 0:00:00]} Nb6 {[%emt 0:00:03]} 5. exd6 {[%emt 0:00:00]} exd6 {[%emt 0:00:08]} 6. Nc3 {[%emt 0:00:00]} Be7 {[%emt 0:01:14]} 7. Bd3 {[%emt 0:00:01]} O-O {[%emt 0:01:08]} 8. Nge2 {[%emt 0:00:23]} Na6 {[%emt 0:03:44]} 9. O-O {[%emt 0:01:20]} c6 {[%emt 0:00:16]} 10. b3 {[%emt 0:04:09]} Nb4 {[%emt 0:00:38]} 11. Bb1 {[%emt 0:01:52]} d5 {[%emt 0:00:40]} 12. c5 {[%emt 0:03:32]} Nd7 {[%emt 0:00:05]} 13. a3 {[%emt 0:08:24]} Na6 {[%emt 0:00:06]} 14. Be3 {[%emt 0:02:50]} Re8 {[%emt 0:11:00]} 15. Qd2 {[%emt 0:06:39]} Nc7 {[%emt 0:05:25]} 16. b4 {[%emt 0:01:15]} g6 {[%emt 0:28:03]} 17. Bc2 {[%emt 0:06:39]} Nf6 {[%emt 0:04:39]} 18. f3 {[%emt 0:01:18]} Nh5 {[%emt 0:00:41]} 19. g4 {[%emt 0:38:29]} Ng7 {[%emt 0:02:05]} 20. Ng3 {[%emt 0:00:04]} b6 {[%emt 0:16:48]} 21. Rad1 {[%emt 0:06:10]} bxc5 {[%emt 0:05:12]} 22. dxc5 {[%emt 0:03:24]} a5 {[%emt 0:00:53]} 23. Nce2 {[%emt 0:04:03]} axb4 {[%emt 0:00:46]} 24. axb4 {[%emt 0:00:05]} Qd7 {[%emt 0:08:31]} 25. Nd4 {[%emt 0:01:02]} Ba6 {[%emt 0:01:10]} 26. Ba4 {[%emt 0:01:43]} Bb7 {[%emt 0:00:24]} 27. Bb3 {[%emt 0:00:54]} Ba6 {[%emt 0:00:55]} 28. Ba4 {[%emt 0:00:07]} Bb7 {[%emt 0:00:04]} 29. Bb3 {[%emt 0:00:22]} Ba6 {[%emt 0:00:04]} 30. Rfe1 {[%emt 0:00:07]} Bf6 {[%emt 0:02:23]} 31. Bf2 {[%emt 0:05:22]} Rxe1+ {[%emt 0:03:18]} 32. Rxe1 {[%emt 0:00:04]} Re8 {[%emt 0:00:27]} 33. Rxe8+ {[%emt 0:00:27]} Qxe8 {[%emt 0:00:30]} 34. Ba4 {[%emt 0:00:11]} Bb7 {[%emt 0:00:37]} 35. Qf4 {[%emt 0:01:06]} Be5 {[%emt 0:02:36]} 36. Qe3 {[%emt 0:00:31]} f6 {[%emt 0:01:06]} 37. f4 {[%emt 0:00:24]} Bxd4 {[%emt 0:00:04]} 38. Qxd4 {[%emt 0:01:09]} Qe6 {[%emt 0:01:11]} 39. h3 {[%emt 0:00:23]} Ba6 {[%emt 0:00:24]} 40. Bc2 {[%emt 0:00:00]} Kf7 {[%emt 0:00:00]} 41. Qa1 {[%emt 0:10:27]} Bb5 {[%emt 0:05:45]} 42. Bd4 {[%emt 0:02:43]} Qe7 {[%emt 0:03:27]} 43. f5 {[%emt 0:03:00]} g5 {[%emt 0:04:25]} 44. Kf2 {[%emt 0:06:46]} Bc4 {[%emt 0:04:44]} 45. Qe1 {[%emt 0:03:05]} Qd8 {[%emt 0:05:16]} 46. Ba4 {[%emt 0:04:24]} Nb5 {[%emt 0:02:00]} 47. Bxb5 {[%emt 0:00:36]} Bxb5 {[%emt 0:00:01]} 48. Nh5 {[%emt 0:01:47]} Nxh5 {[%emt 0:04:09]} 49. Qe6+ {[%emt 0:00:28]} Kg7 {[%emt 0:00:03]} 50. gxh5 {[%emt 0:00:04]} h6 {[%emt 0:00:02]} 51. Kg3 {[%emt 0:04:01]} Qb8+ {[%emt 0:02:28]} 52. Kg2 {[%emt 0:01:04]} Qf8 {[%emt 0:00:43]} 53. h4 {[%emt 0:00:06]} gxh4 {[%emt 0:00:34]} 54. Kh3 {[%emt 0:02:30]} Qf7 {[%emt 0:01:52]} 55. Qd6 {[%emt 0:00:28]} Qf8 {[%emt 0:00:49]} 56. Qf4 {[%emt 0:00:57]} Qe8 {[%emt 0:00:45]} 57. Qxh4 {[%emt 0:00:51]} Bf1+ {[%emt 0:00:31]} 58. Kh2 {[%emt 0:00:29]} Qe2+ {[%emt 0:00:32]} 59. Bf2 {[%emt 0:00:16]} Qf3 {[%emt 0:00:32]} 60. Qg3+ {[%emt 0:00:14]} 1/2-1/2

[Event "RUS-chT Higher League 2021"]
[Site "Sochi"]
[Date "2021.05.03"]
[Round "3.4"]
[White "Matveev, Vladimir"]
[Black "Radzhabov, Rodion"]
[Result "1-0"]
[WhiteElo "2368"]
[BlackElo "2352"]
[Annotator "NA"]
[PlyCount "45"]
[EventDate "2021.05.01"]
[EventType "team-tourn"]
[EventCountry "RUS"]
[SourceTitle "playchess.com"]
[Source "ChessBase"]
[SourceQuality "1"]
[TimeControl "40/5400+30:1800+30"]

1. d4 {[%emt 0:00:00]} d5 {[%emt 0:00:00]} 2. c4 {[%emt 0:00:00]} e6 {[%emt 0:00:00]} 3. Nf3 {[%emt 0:00:00]} dxc4 {[%emt 0:00:00]} 4. e3 {[%emt 0:00:00]} Nf6 {[%emt 0:00:00]} 5. Bxc4 {[%emt 0:00:00]} c5 {[%emt 0:00:09]} 6. Qe2 {[%emt 0:02:39]} cxd4 {[%emt 0:04:47]} 7. exd4 {[%emt 0:04:59]} a6 {[%emt 0:04:21]} 8. O-O {[%emt 0:07:52]} b5 {[%emt 0:07:16]} 9. Bb3 {[%emt 0:07:55]} Bb7 {[%emt 0:03:45]} 10. Ne5 {[%emt 0:12:54]} Bd5 {[%emt 0:42:02]} 11. Nc3 {[%emt 0:08:45]} Bxb3 {[%emt 0:10:11]} 12. axb3 {[%emt 0:00:30]} b4 {[%emt 0:07:06]} 13. Qf3 {[%emt 0:06:47]} Nbd7 {[%emt 0:06:36]} 14. Nb5 {[%emt 0:02:41]} Rb8 {[%emt 0:09:07]} 15. Nc6 {[%emt 0:06:34]} Qb6 {[%emt 0:00:05]} 16. Nxb8 {[%emt 0:01:42]} Qxb8 {[%emt 0:00:04]} 17. Bf4 {[%emt 0:03:21]} Qxb5 {[%emt 0:00:13]} 18. Qa8+ {[%emt 0:00:04]} Ke7 {[%emt 0:01:16]} 19. Bc7 {[%emt 0:00:07]} e5 {[%emt 0:01:52]} 20. Rxa6 {[%emt 0:00:11]} Nb8 {[%emt 0:00:38]} 21. Bxb8 {[%emt 0:01:51]} Nd7 {[%emt 0:00:24]} 22. Bd6+ {[%emt 0:00:57]} Ke6 {[%emt 0:00:19]} 23. Bxf8+ {[%emt 0:00:11]} 1-0

[Event "RUS-chT Higher League 2021"]
[Site "Sochi"]
[Date "2021.05.03"]
[Round "3.5"]
[White "Sveshnikov, Evgeny"]
[Black "Mokshanov, Alexey"]
[Result "0-1"]
[WhiteElo "2478"]
[BlackElo "2448"]
[Annotator "ChessBase"]
[PlyCount "62"]
[EventDate "2021.05.01"]
[EventType "team-tourn"]
[EventCountry "RUS"]
[SourceTitle "playchess.com"]
[Source "ChessBase"]
[SourceQuality "1"]
[TimeControl "40/5400+30:1800+30"]

1. e4 {[%emt 0:00:00]} e6 {[%emt 0:00:00]} 2. d4 {[%emt 0:00:10]} d5 {[%emt 0:00:00]} 3. Nc3 {[%emt 0:00:10]} Nf6 {[%emt 0:00:00]} 4. Bg5 {[%emt 0:00:11]} Be7 {[%emt 0:00:01]} 5. e5 {[%emt 0:00:10]} Nfd7 {[%emt 0:00:05]} 6. h4 {[%emt 0:00:08]} Nc6 {[%emt 0:00:31]} 7. Nf3 {[%emt 0:05:16]} h6 {[%emt 0:07:15]} 8. Be3 {[%emt 0:06:38]} Na5 {[%emt 0:05:46]} 9. Qd2 {[%emt 0:14:39]} c5 {[%emt 0:04:36]} 10. dxc5 {[%emt 0:03:06]} Nc6 {[%emt 0:04:13]} 11. Bb5 {[%emt 0:05:44]} Bxc5 {[%emt 0:02:19]} 12. O-O-O {[%emt 0:02:40]} Qb6 {[%emt 0:05:35]} 13. Bxc5 {[%emt 0:07:07]} Nxc5 {[%emt 0:02:31]} 14. Rh3 {[%emt 0:17:17]} Bd7 {[%emt 0:07:26]} 15. Rg3 {[%emt 0:02:16]} Rg8 {[%emt 0:03:20]} 16. Bxc6 {[%emt 0:06:00]} bxc6 {[%emt 0:01:21]} 17. Qxh6 {[%emt 0:04:12]} gxh6 {[%emt 0:02:07]} 18. Rxg8+ {[%emt 0:00:42]} Ke7 {[%emt 0:00:02]} 19. Rxa8 {[%emt 0:00:10]} Be8 {[%emt 0:00:17]} 20. Nd4 {[%emt 0:07:26]} Qb7 {[%emt 0:01:38]} 21. Rxe8+ {[%emt 0:02:11]} Kxe8 {[%emt 0:00:02]} 22. f4 {[%emt 0:00:17]} Nd7 {[%emt 0:04:29]} 23. f5 {[%emt 0:06:50]} Nxe5 {[%emt 0:00:41]} 24. fxe6 {[%emt 0:00:17]} fxe6 {[%emt 0:00:40]} 25. Re1 {[%emt 0:02:23]} Qf7 {[%emt 0:01:13]} 26. g3 {[%emt 0:03:20]} Qf6 {[%emt 0:02:26]} 27. Nd1 {[%emt 0:03:03]} Kd7 {[%emt 0:01:57]} 28. Ne2 {[%emt 0:00:23]} Qf3 {[%emt 0:01:54]} 29. b3 {[%emt 0:00:27]} Qe4 {[%emt 0:01:34]} 30. Ndc3 {[%emt 0:00:33]} Qe3+ {[%emt 0:00:15]} 31. Kb2 {[%emt 0:00:25]} Nd3+ {[%emt 0:00:17]} 0-1

[Event "RUS-chT Higher League 2021"]
[Site "Sochi"]
[Date "2021.05.03"]
[Round "3.6"]
[White "Grebnev, Aleksey"]
[Black "Balashov, Yuri S"]
[Result "1-0"]
[WhiteElo "2283"]
[BlackElo "2461"]
[Annotator "ChessBase"]
[PlyCount "95"]
[EventDate "2021.05.01"]
[EventType "team-tourn"]
[EventCountry "RUS"]
[SourceTitle "playchess.com"]
[Source "ChessBase"]
[SourceQuality "1"]
[TimeControl "40/5400+30:1800+30"]

1. e4 {[%emt 0:00:00]} e5 {[%emt 0:00:00]} 2. Bc4 {[%emt 0:00:00]} Nf6 {[%emt 0:00:01]} 3. d3 {[%emt 0:00:00]} c6 {[%emt 0:00:16]} 4. Nf3 {[%emt 0:00:00]} Be7 {[%emt 0:00:18]} 5. O-O {[%emt 0:00:19]} d6 {[%emt 0:00:10]} 6. Re1 {[%emt 0:01:36]} O-O {[%emt 0:00:11]} 7. Nbd2 {[%emt 0:00:31]} Nbd7 {[%emt 0:00:39]} 8. c3 {[%emt 0:01:03]} Qc7 {[%emt 0:08:44]} 9. a4 {[%emt 0:02:26]} d5 {[%emt 0:03:26]} 10. Bb3 {[%emt 0:04:56]} Nc5 {[%emt 0:10:20]} 11. Bc2 {[%emt 0:02:38]} dxe4 {[%emt 0:07:09]} 12. dxe4 {[%emt 0:02:33]} b5 {[%emt 0:01:19]} 13. b4 {[%emt 0:05:46]} Ne6 {[%emt 0:02:04]} 14. Nf1 {[%emt 0:03:31]} Rd8 {[%emt 0:01:12]} 15. Qe2 {[%emt 0:00:51]} a6 {[%emt 0:01:40]} 16. Ng3 {[%emt 0:02:11]} g6 {[%emt 0:02:55]} 17. h3 {[%emt 0:01:06]} Rb8 {[%emt 0:04:19]} 18. Rd1 {[%emt 0:02:39]} Rxd1+ {[%emt 0:01:36]} 19. Bxd1 {[%emt 0:00:39]} c5 {[%emt 0:05:55]} 20. axb5 {[%emt 0:01:42]} Rxb5 {[%emt 0:02:08]} 21. Ba4 {[%emt 0:08:01]} Rb8 {[%emt 0:01:21]} 22. b5 {[%emt 0:01:24]} c4 {[%emt 0:08:34]} 23. bxa6 {[%emt 0:01:15]} Bxa6 {[%emt 0:00:12]} 24. Bc2 {[%emt 0:01:01]} Bb7 {[%emt 0:02:37]} 25. Be3 {[%emt 0:03:38]} Rc8 {[%emt 0:03:09]} 26. Nd2 {[%emt 0:00:48]} Ne8 {[%emt 0:02:29]} 27. Ngf1 {[%emt 0:01:54]} Nd6 {[%emt 0:00:35]} 28. Ra4 {[%emt 0:04:33]} Ra8 {[%emt 0:02:42]} 29. Rxa8+ {[%emt 0:00:52]} Bxa8 {[%emt 0:00:06]} 30. Bh6 {[%emt 0:04:01]} Nf4 {[%emt 0:04:01]} 31. Qg4 {[%emt 0:07:01]} Ne6 {[%emt 0:08:04]} 32. Qe2 {[%emt 0:01:30]} Bf8 {[%emt 0:00:46]} 33. Bxf8 {[%emt 0:00:40]} Kxf8 {[%emt 0:01:38]} 34. Ne3 {[%emt 0:00:21]} Bb7 {[%emt 0:01:50]} 35. Ng4 {[%emt 0:06:04]} Qc5 {[%emt 0:00:42]} 36. Nf3 {[%emt 0:02:26]} Nf4 {[%emt 0:01:33]} 37. Qd2 {[%emt 0:00:38]} Nd3 {[%emt 0:04:14]} 38. Bxd3 {[%emt 0:01:45]} cxd3 {[%emt 0:00:06]} 39. Nfxe5 {[%emt 0:00:40]} Qb5 {[%emt 0:01:06]} 40. Nxd3 {[%emt 0:00:00]} Nxe4 {[%emt 0:00:00]} 41. Qe3 {[%emt 0:09:15]} Nxc3 {[%emt 0:07:26]} 42. Nc5 {[%emt 0:00:29]} Nd5 {[%emt 0:05:00]} 43. Qd4 {[%emt 0:00:42]} Bc6 {[%emt 0:02:49]} 44. Qh8+ {[%emt 0:01:30]} Ke7 {[%emt 0:00:14]} 45. Qe5+ {[%emt 0:00:06]} Kf8 {[%emt 0:05:59]} 46. Qd6+ {[%emt 0:00:50]} Ke8 {[%emt 0:09:35]} 47. Ne5 {[%emt 0:04:07]} Ba8 {[%emt 0:02:17]} 48. Ncd7 {[%emt 0:01:26]} 1-0

[Event "RUS-chT Higher League 2021"]
[Site "Sochi"]
[Date "2021.05.03"]
[Round "3.7"]
[White "Kalegin, Evgenij"]
[Black "Sharikov, Alexander"]
[Result "1-0"]
[WhiteElo "2414"]
[BlackElo "2132"]
[Annotator "NA"]
[PlyCount "79"]
[EventDate "2021.05.01"]
[EventType "team-tourn"]
[EventCountry "RUS"]
[SourceTitle "playchess.com"]
[Source "ChessBase"]
[SourceQuality "1"]
[TimeControl "40/5400+30:1800+30"]

1. e4 {[%emt 0:00:00]} e6 {[%emt 0:00:00]} 2. d4 {[%emt 0:00:00]} d5 {[%emt 0:00:00]} 3. Nc3 {[%emt 0:00:00]} Bb4 {[%emt 0:00:00]} 4. e5 {[%emt 0:00:00]} c5 {[%emt 0:00:00]} 5. a3 {[%emt 0:00:01]} Ba5 {[%emt 0:00:06]} 6. b4 {[%emt 0:00:16]} cxd4 {[%emt 0:00:08]} 7. Nb5 {[%emt 0:00:13]} Bc7 {[%emt 0:00:09]} 8. f4 {[%emt 0:00:45]} Bd7 {[%emt 0:00:08]} 9. Nxc7+ {[%emt 0:05:05]} Qxc7 {[%emt 0:00:14]} 10. Bd3 {[%emt 0:00:20]} Ba4 {[%emt 0:00:35]} 11. Bb2 {[%emt 0:04:59]} Nc6 {[%emt 0:00:21]} 12. Nf3 {[%emt 0:00:54]} Nge7 {[%emt 0:01:13]} 13. O-O {[%emt 0:00:26]} Qb6 {[%emt 0:04:07]} 14. Kh1 {[%emt 0:02:26]} Bb5 {[%emt 0:00:59]} 15. Bxd4 {[%emt 0:05:28]} Nxd4 {[%emt 0:00:51]} 16. Nxd4 {[%emt 0:00:06]} Bxd3 {[%emt 0:00:21]} 17. Qxd3 {[%emt 0:00:06]} O-O {[%emt 0:04:48]} 18. f5 {[%emt 0:00:48]} Nxf5 {[%emt 0:02:20]} 19. Nxf5 {[%emt 0:00:09]} exf5 {[%emt 0:00:06]} 20. Rxf5 {[%emt 0:00:14]} Qe6 {[%emt 0:10:26]} 21. Raf1 {[%emt 0:02:25]} Rac8 {[%emt 0:01:17]} 22. h3 {[%emt 0:08:44]} Rc7 {[%emt 0:06:44]} 23. Qg3 {[%emt 0:04:24]} Rfc8 {[%emt 0:08:16]} 24. Rf6 {[%emt 0:10:24]} Qe8 {[%emt 0:01:55]} 25. Rd6 {[%emt 0:01:55]} Rxc2 {[%emt 0:01:39]} 26. Rxd5 {[%emt 0:01:56]} Rc1 {[%emt 0:03:41]} 27. Rxc1 {[%emt 0:02:18]} Rxc1+ {[%emt 0:00:10]} 28. Kh2 {[%emt 0:00:03]} Rc8 {[%emt 0:01:06]} 29. Qd3 {[%emt 0:01:36]} h6 {[%emt 0:06:28]} 30. Qd4 {[%emt 0:01:23]} a6 {[%emt 0:06:08]} 31. Rd7 {[%emt 0:02:30]} b5 {[%emt 0:04:47]} 32. Rd6 {[%emt 0:04:07]} Ra8 {[%emt 0:01:24]} 33. Qd5 {[%emt 0:00:34]} Kf8 {[%emt 0:06:47]} 34. e6 {[%emt 0:03:12]} fxe6 {[%emt 0:01:21]} 35. Rxe6 {[%emt 0:00:10]} Qb8+ {[%emt 0:10:01]} 36. Kh1 {[%emt 0:14:54]} Ra7 {[%emt 0:01:15]} 37. Rc6 {[%emt 0:05:55]} Ra8 {[%emt 0:05:18]} 38. Rc3 {[%emt 0:00:42]} Qa7 {[%emt 0:06:18]} 39. Rf3+ {[%emt 0:00:24]} Ke8 {[%emt 0:00:02]} 40. Qe4+ {[%emt 0:00:00]} 1-0